000 00456nam a2200205Ia 4500
999 _c94250
_d94250
003 0100
005 20180919100227.0
008 130307s9999 xx 000 0 und d
040 _cARRUPELIB
050 _aB3313.A43E5
100 _aNietzsche
_942288
245 _aThus spoke Zarathustra
_ba book for all and none
_cNietzsche
260 _aNew York
_bPenguin books
_c1966
300 _a327p.
300 _b17cm
650 _aPHILOSOPHY
_942289
942 0 0 _043
_2lcc
_cMONOGRAPH